<?xml version="1.0" encoding="UTF-8"?>
<marc:record xmlns:marc="http://www.loc.gov/MARC21/slim">
   <marc:leader>00000nam a2200000 a 4500</marc:leader>
   <marc:datafield ind1="1" ind2=" " tag="100">
      <marc:subfield code="a">Gruber, Monika</marc:subfield>
      <marc:subfield code="4">aut</marc:subfield>
      <marc:subfield code="e">Verfasser/-in</marc:subfield>
   </marc:datafield>
   <marc:datafield ind1="1" ind2=" " tag="100">
      <marc:subfield code="a">Hock, Andreas</marc:subfield>
      <marc:subfield code="4">aut</marc:subfield>
      <marc:subfield code="e">Verfasser/-in</marc:subfield>
   </marc:datafield>
   <marc:datafield ind1="0" ind2="0" tag="245">
      <marc:subfield code="a">Und erlöse uns von den Blöden</marc:subfield>
   </marc:datafield>
   <marc:datafield ind1="0" ind2="0" tag="245">
      <marc:subfield code="b">Vom Menschenverstand in hysterischen Zeiten - Der SPIEGEL-Bestseller #1</marc:subfield>
   </marc:datafield>
   <marc:datafield ind1="0" ind2="0" tag="245">
      <marc:subfield code="c">Gruber, Monika</marc:subfield>
   </marc:datafield>
   <marc:datafield ind1=" " ind2="1" tag="264">
      <marc:subfield code="a">München</marc:subfield>
      <marc:subfield code="b">Piper</marc:subfield>
      <marc:subfield code="c">2020</marc:subfield>
   </marc:datafield>
   <marc:datafield ind1=" " ind2=" " tag="250">
      <marc:subfield code="a">[1. Auflage]</marc:subfield>
   </marc:datafield>
   <marc:datafield ind1="1" ind2=" " tag="520">
      <marc:subfield code="a">Manchmal hilft nur noch Humor&#xD;
&#xD;
Was sind das nur für Zeiten? Innerhalb weniger Jahre ist aus uns eine hysterisch-hyperventilierende Gesellschaft geworden, in der sich Wutbürger und Weltverbesserer, vermeintlich Ewiggestrige und Meinungsmissionare feindselig gegenüberstehen. Und die gegenwärtige Krise hat keineswegs zur Verbesserung des Miteinanders geführt, sie hat die Blödheit einiger eher noch verschlimmert.&#xD;
Die preisgekrönte Kabarettistin Monika Gruber und Bestsellerautor Andreas Hock gehen dem kollektiven Wahnsinn auf den Grund – und stellen fest, dass er seine Ursache vor allem in der Ignoranz und im Egoismus einiger Weniger hat.&#xD;
Mit Selbstironie und schwarzem Humor begeben sie sich auf die Suche nach dem gesunden Menschenverstand und gehen dorthin, wo es wirklich wehtut – eine unterhaltsame Reise durch die Gegenwart, die beweist: Lachen hilft!</marc:subfield>
   </marc:datafield>
   <marc:datafield ind1=" " ind2=" " tag="020">
      <marc:subfield code="a">9783492075008</marc:subfield>
      <marc:subfield code="9">9783492075008</marc:subfield>
   </marc:datafield>
   <marc:datafield ind1=" " ind2=" " tag="020">
      <marc:subfield code="a">3492075002</marc:subfield>
      <marc:subfield code="9">3492075002</marc:subfield>
   </marc:datafield>
   <marc:datafield ind1=" " ind2=" " tag="041">
      <marc:subfield code="a">ger</marc:subfield>
   </marc:datafield>
   <marc:datafield ind1=" " ind2=" " tag="338">
      <marc:subfield code="a">Band</marc:subfield>
   </marc:datafield>
   <marc:datafield ind1=" " ind2=" " tag="300">
      <marc:subfield code="a">229 Seiten</marc:subfield>
   </marc:datafield>
</marc:record>
